[Event "7th Malaysia Open"]
[Site "Kuala Lumpur MAS"]
[Date "2010.09.01"]
[Round "1"]
[White "Panggabean,H"]
[Black "Gupta,Ab"]
[Result "0-1"]
[WhiteElo "2212"]
[BlackElo "2595"]
[EventDate "2010.09.01"]

1. e4 c5 2. Nc3 d6 3. Nf3 Nf6 4. Bb5+ Nbd7 5. O-O g6 6. Re1 e5 7. d3 a6 8.
Bc4 Bg7 9. a4 O-O 10. a5 h6 11. Be3 b5 12. axb6 Nxb6 13. Bb3 Bb7 14. Nd2
Kh7 15. Nc4 Nxc4 16. Bxc4 Nh5 17. Bd5 Qc8 18. Ra3 Nf6 19. Bc4 Nd7 20. f3 f5
21. Qa1 Nb6 22. Qa2 Nxc4 23. Qxc4 g5 24. Nd5 Bxd5 25. Qxd5 f4 26. Bf2 g4
27. Kf1 Rf6 28. Ke2 Ra7 29. Rb3 Bf8 30. Rb6 Rg6 31. Qb3 gxf3+ 32. gxf3 Qh3
33. Rb8 Rg8 34. Rb7+ Rxb7 35. Qxb7+ Rg7 36. Qxa6 Be7 37. Rf1 Qxh2 38. Qc8
Qh5 39. Rg1 Bg5 40. Qf5+ Qg6 41. Qxg6+ Kxg6 42. c3 Rb7 43. Rb1 Rb3 44. Kd2
h5 45. Kc2 Rb5 46. Rh1 Rb8 47. d4 exd4 48. cxd4 Bf6 49. Rd1 h4 50. b3 Ra8
51. Bxh4 Bxh4 52. dxc5 dxc5 53. Rg1+ Bg3 54. Kd3 Kf6 55. Kc4 Ra2 56. Rd1
Rc2+ 57. Kd3 Rf2 0-1

[Event "7th Malaysia Open"]
[Site "Kuala Lumpur MAS"]
[Date "2010.09.01"]
[Round "1"]
[White "F. Sayani,M"]
[Black "Rahman,Zia"]
[Result "0-1"]
[WhiteElo "2201"]
[BlackElo "2543"]
[EventDate "2010.09.01"]

1. e4 c5 2. Nf3 e6 3. c4 Nc6 4. Nc3 Nd4 5. Nxd4 cxd4 6. Nb5 e5 7. Qa4 a6 8.
d3 Rb8 9. Na3 Ne7 10. Be2 Nc6 11. O-O Be7 12. f4 d6 13. b4 b5 14. cxb5 axb5
15. Qb3 Be6 16. Qb2 O-O 17. f5 Bd7 18. Nc2 Bg5 19. Rf3 Bxc1 20. Qxc1 f6 21.
Kh1 Qe7 22. Qd2 Nd8 23. g4 Nf7 24. Rg1 Bc6 25. Rfg3 d5 26. exd5 Bxd5+ 27.
Bf3 Bxf3+ 28. Rxf3 Qb7 29. Qg2 Rfc8 30. Ne1 Rc1 31. h4 h6 32. Rf2 Qxg2+ 33.
Kxg2 Rbc8 34. Nf3 R1c3 35. Rd1 Nd6 36. Re2 h5 37. Kg3 hxg4 38. Kxg4 Nf7 39.
Kh5 Kh7 40. Rf2 Rc1 41. Rdd2 Nh6 42. Rb2 Nxf5 43. Nd2 Rg1 0-1

[Event "7th Malaysia Open"]
[Site "Kuala Lumpur MAS"]
[Date "2010.09.01"]
[Round "1"]
[White "Cao,S"]
[Black "Lan Zilun"]
[Result "1-0"]
[WhiteElo "2535"]
[BlackElo "2192"]
[EventDate "2010.09.01"]

1. e4 c6 2. d4 d5 3. e5 Bf5 4. Be3 e6 5. Nd2 Nd7 6. Ngf3 Ne7 7. Be2 c5 8.
O-O Nc6 9. c4 cxd4 10. Nxd4 Nxd4 11. Bxd4 Bc5 12. Nb3 Bxd4 13. Nxd4 Be4 14.
f3 Bg6 15. cxd5 exd5 16. f4 Be4 17. Bf3 O-O 18. Kh1 Nc5 19. f5 Nd3 20. f6
Bg6 21. fxg7 Re8 22. e6 fxe6 23. Bh5 Qg5 24. Bxg6 Qxg6 25. Rf3 Nc5 26. Ne2
Ne4 27. Ng3 Rac8 28. Nxe4 Qxe4 29. Qf1 Qc4 30. Qe1 e5 31. b3 Qc7 32. Rd1 e4
33. Rf8+ Rxf8 34. gxf8=Q+ Rxf8 35. Rxd5 Qf4 36. Rd1 e3 37. h3 Qf2 38. Rc1
Re8 39. Kh2 b6 40. Qf1 Qxf1 41. Rxf1 Rc8 42. Re1 Rc2 43. Rxe3 Rxa2 44. Re7
a5 45. Rb7 Rb2 46. Rxb6 a4 47. Rb4 axb3 48. Rb7 Rb1 49. Kg3 b2 50. Kh4 Rc1
51. Rxb2 Kg7 52. Rb7+ Kg6 53. Rb6+ Kg7 54. Rb4 Rc5 55. Rg4+ Kf7 56. Rg5
Rxg5 57. Kxg5 Kg7 58. h4 h6+ 59. Kf5 Kf7 60. h5 1-0

[Event "7th Malaysia Open"]
[Site "Kuala Lumpur MAS"]
[Date "2010.09.01"]
[Round "1"]
[White "Guo Qi"]
[Black "Arun Prasad,S"]
[Result "1/2-1/2"]
[WhiteElo "2167"]
[BlackElo "2535"]
[EventDate "2010.09.01"]

1. d4 Nf6 2. c4 e6 3. Nc3 Bb4 4. g3 O-O 5. Bg2 d5 6. Nf3 dxc4 7. O-O Nc6 8.
a3 Be7 9. e3 Na5 10. Qe2 c5 11. dxc5 Bxc5 12. Ne5 Qc7 13. Nxc4 Nb3 14. Rb1
Bd7 15. Nd2 Nxd2 16. Bxd2 Bc6 17. Bxc6 Qxc6 18. Rbc1 Rac8 19. Rfd1 Rfd8 20.
Be1 h6 21. Rxd8+ Rxd8 22. Nb5 Qb6 23. b4 Be7 24. Qc4 a6 25. Nc3 Qd6 26. Ne4
Nxe4 27. Qxe4 Qd7 28. Kg2 Bf6 29. Rc5 Rc8 30. Qc4 Rxc5 31. Qxc5 Qb5 32.
Qc8+ Kh7 33. Qc2+ g6 34. f3 Qd7 35. Kf2 b5 36. Ke2 h5 37. Qd3 Qc6 38. Bd2
Bb2 39. e4 Kg7 40. Kd1 Be5 41. f4 Bf6 42. e5 Be7 43. h4 Kf8 44. Qc3 Qb7 45.
Kc1 Ke8 46. Be3 Qh1+ 47. Kb2 Qg2+ 48. Bd2 Qb7 49. Qd3 Qc6 50. Kb3 Bd8 51.
Bc3 Bb6 52. Bd4 Qd5+ 53. Kc3 Bc7 54. Bc5 Qa2 55. Kd4 Qa1+ 56. Ke3 Qe1+ 57.
Kf3 Qh1+ 58. Ke3 Qg2 59. Kd4 Kd7 60. Qe3 Qb2+ 61. Qc3 Qe2 62. Qd3 Qg2 63.
Qe3 a5 64. Qd3 Qd5+ 65. Ke3 Kc6 66. Qxd5+ Kxd5 67. Kd3 a4 68. Be3 Bd8 69.
Bd4 Be7 70. Bc3 1/2-1/2

[Event "7th Malaysia Open"]
[Site "Kuala Lumpur MAS"]
[Date "2010.09.01"]
[Round "1"]
[White "Smerdon,D"]
[Black "Jamals,H"]
[Result "1-0"]
[WhiteElo "2526"]
[BlackElo "2162"]
[EventDate "2010.09.01"]

1. e4 e6 2. d4 d5 3. e5 c5 4. c3 Nc6 5. Nf3 Qb6 6. Bd3 Bd7 7. dxc5 Bxc5 8.
O-O Qc7 9. b4 Bf8 10. Re1 Nge7 11. Bf4 Ng6 12. Bg3 a5 13. b5 Na7 14. a4 Nc8
15. h4 Nb6 16. h5 Ne7 17. Qe2 Rc8 18. Nd4 Ng8 19. Ra2 Nh6 20. Rc1 Nc4 21.
Re1 Be7 22. Bf4 Qd8 23. Nd2 Nb6 24. N2f3 Ng8 25. Rc1 Nc4 26. g4 h6 27. Raa1
Qc7 28. Bg3 Qd8 29. Kg2 Qc7 30. Ng1 Ba3 31. Rc2 Bc5 32. f4 Ne7 33. f5 Qb6
34. Ngf3 Na3 35. Rca2 Nc4 36. Rf1 Bxd4 37. Nxd4 Qc5 38. f6 gxf6 39. exf6
Ng8 40. Bxc4 Qxc4 41. Qxc4 Rxc4 42. Be5 b6 43. Ra3 Kd8 44. Kg3 Kc8 45. Rf4
Kb7 46. Nf3 Rc8 47. c4 1-0

[Event "7th Malaysia Open"]
[Site "Kuala Lumpur MAS"]
[Date "2010.09.01"]
[Round "1"]
[White "Tan Khai Boon"]
[Black "Dao Thien Hai"]
[Result "0-1"]
[WhiteElo "2160"]
[BlackElo "2520"]
[EventDate "2010.09.01"]

1. e4 c5 2. Nf3 d6 3. d4 cxd4 4. Nxd4 Nf6 5. Nc3 a6 6. Be3 e5 7. Nb3 Be6 8.
f3 Be7 9. Qd2 O-O 10. O-O-O Nbd7 11. g4 b5 12. g5 Nh5 13. Nd5 Bxd5 14. exd5
f5 15. gxf6 Rxf6 16. Kb1 Qe8 17. Rg1 Bd8 18. Bh3 Nf4 19. Bxf4 Rxf4 20. Qg2
Qe7 21. Qg3 Bb6 22. Rg2 Raf8 23. Bg4 Nf6 24. Be6+ Kh8 25. c3 Nh5 26. Qg5
Qxg5 27. Rxg5 g6 28. Nd2 Be3 29. Ne4 Rxe4 30. Rxh5 Rxf3 31. Rh3 Rxh3 32.
Bxh3 Rh4 33. Bd7 Rxh2 34. b4 g5 0-1

[Event "7th Malaysia Open"]
[Site "Kuala Lumpur MAS"]
[Date "2010.09.01"]
[Round "1"]
[White "Sethuraman,S"]
[Black "Lee Kim Han,E"]
[Result "1-0"]
[WhiteElo "2535"]
[BlackElo "2156"]
[EventDate "2010.09.01"]

1. e4 e5 2. Nf3 Nf6 3. d4 Nxe4 4. Bd3 d5 5. Nxe5 Nd7 6. Nxd7 Bxd7 7. O-O
Bd6 8. Nc3 Nxc3 9. bxc3 O-O 10. Qh5 f5 11. Rb1 Rb8 12. Bg5 Qe8 13. Qf3 Qf7
14. Bf4 Rfe8 15. Rfe1 b6 16. Bxd6 cxd6 17. Qf4 Qf6 18. Qf3 Qf7 19. Qf4 Qf6
20. h3 Rbc8 21. Qf3 Qf7 22. Ba6 Rb8 23. Qf4 Qf6 24. Rxe8+ Bxe8 25. Bd3 Bd7
26. Be2 Rc8 27. Qd2 f4 28. Bf3 Qg5 29. Kh2 Re8 30. Re1 Rxe1 31. Qxe1 Kf7
32. Qb1 Be6 33. Qb5 g6 34. c4 Qh4 35. Bxd5 Bxd5 36. Qxd5+ Kg7 37. Qb7+ Kh6
38. Qf3 Qf6 39. c3 Qf5 40. a3 Kg7 41. Qb7+ Kh6 42. Qe7 Qc2 43. Qf8+ Kg5 44.
h4+ Kxh4 45. Qxf4+ Kh5 46. Kh3 Qxc3+ 47. g3 g5 48. Qf7+ 1-0

[Event "7th Malaysia Open"]
[Site "Kuala Lumpur MAS"]
[Date "2010.09.01"]
[Round "1"]
[White "Loo,S"]
[Black "Xiu,D"]
[Result "0-1"]
[WhiteElo "2147"]
[BlackElo "2521"]
[EventDate "2010.09.01"]

1. d4 Nf6 2. Nf3 d5 3. c3 Bf5 4. Qb3 Qc8 5. Bg5 Nbd7 6. e3 e6 7. c4 c6 8.
Nc3 Bd6 9. Be2 O-O 10. O-O Qb8 11. g3 dxc4 12. Bxc4 a6 13. Rfe1 c5 14. Bxf6
Nxf6 15. dxc5 Bxc5 16. Na4 Rc8 17. Nxc5 Rxc5 18. Nd4 Bg6 19. Bd3 Qc7 20.
Bxg6 hxg6 21. Ne2 Rb5 22. Qa3 Ng4 23. h3 Ne5 24. Nd4 Rc5 25. Nb3 Nf3+ 26.
Kf1 Rc2 27. Rec1 Qc4+ 28. Kg2 Qe4 29. Kf1 Rac8 30. Qd6 Nd4 0-1

[Event "7th Malaysia Open"]
[Site "Kuala Lumpur MAS"]
[Date "2010.09.01"]
[Round "1"]
[White "Hukom,D"]
[Black "Laxman,R"]
[Result "0-1"]
[WhiteElo "2130"]
[BlackElo "2498"]
[EventDate "2010.09.01"]

1. e4 e5 2. Nf3 Nc6 3. d4 exd4 4. Bc4 Nf6 5. e5 d5 6. Bb5 Ne4 7. Nxd4 Bd7
8. Nxc6 bxc6 9. Bd3 Nc5 10. Be2 Be7 11. O-O O-O 12. Be3 Na4 13. b3 Nb6 14.
Bd3 c5 15. c4 d4 16. Bf4 f5 17. exf6 Rxf6 18. Bg5 Rf7 19. Bxe7 Qxe7 20. Nd2
Raf8 21. Qc2 Qh4 22. Ne4 Rf5 23. g3 Qh5 24. f4 h6 25. Rae1 Kh8 26. Nf2 R5f6
27. Re5 Qf7 28. Ne4 Bh3 29. Re1 Nd7 30. Nxf6 Nxe5 31. fxe5 gxf6 32. Qd2 Kg7
33. Qf4 fxe5 34. Qxf7+ Rxf7 35. Rxe5 Rf3 36. Be2 Re3 37. Rxe3 dxe3 38. Bf1
Bg4 39. Bg2 Kf6 40. Kf1 Ke5 41. h3 Bf5 42. Ke2 Kd4 43. g4 Bb1 44. a3 Bd3+
45. Ke1 a5 46. Bc6 Kc3 47. Ba4 Kb2 48. h4 Kxa3 49. g5 hxg5 50. hxg5 Kb4 51.
Kd1 Kc3 52. Ke1 c6 53. Kd1 Be4 54. Ke2 Kd4 55. Ke1 Ke5 56. Kd1 Kf5 57. g6
Bf3+ 0-1

[Event "7th Malaysia Open"]
[Site "Kuala Lumpur MAS"]
[Date "2010.09.01"]
[Round "1"]
[White "Xu Jun"]
[Black "Yeap,E"]
[Result "1-0"]
[WhiteElo "2507"]
[BlackElo "2121"]
[EventDate "2010.09.01"]

1. d4 d6 2. Nf3 Nf6 3. c4 b6 4. Nc3 Bb7 5. d5 Nbd7 6. e4 c6 7. Nd4 cxd5 8.
cxd5 g6 9. Be2 Bg7 10. O-O O-O 11. Be3 Rc8 12. Rc1 Ne5 13. b3 Rxc3 14. Rxc3
Nxe4 15. Rc2 Bxd5 16. Nb5 Nf6 17. f3 Nc6 18. Qd2 a6 19. Nd4 Nb8 20. Rfc1 e5
21. Rc8 Qxc8 22. Rxc8 Rxc8 23. Nc2 Be6 24. Bxb6 d5 25. Nb4 d4 26. Ba5 Nd5
27. Nxd5 Bxd5 28. Qb4 Bh6 29. Bc4 Bf8 30. Qe1 Bxc4 31. bxc4 Rxc4 32. Qxe5
Nc6 33. Qe1 d3 34. Bd2 Rc2 35. Kf1 Rxa2 36. Bf4 Nd4 37. Qe3 d2 38. Qxd4 1-0

[Event "7th Malaysia Open"]
[Site "Kuala Lumpur MAS"]
[Date "2010.09.01"]
[Round "1"]
[White "Iuldachev,S"]
[Black "Yeoh,L"]
[Result "1/2-1/2"]
[WhiteElo "2496"]
[BlackElo "2112"]
[EventDate "2010.09.01"]

1. e4 c6 2. d4 d5 3. exd5 cxd5 4. c4 Nf6 5. Nc3 Nc6 6. Nf3 Bg4 7. cxd5 Nxd5
8. Qb3 Bxf3 9. gxf3 e6 10. Qxb7 Nxd4 11. Bb5+ Nxb5 12. Qc6+ Ke7 13. Qxb5
Qd7 14. Nxd5+ Qxd5 15. Bg5+ f6 16. Qxd5 exd5 17. Be3 Ke6 18. O-O-O Bb4 19.
a3 Rhc8+ 20. Kb1 Bc5 21. Rhe1 Kd6 22. Bf4+ Kc6 23. Re6+ Kd7 24. Re2 g5 25.
Bc1 Kd6 26. Red2 Ke6 27. f4 gxf4 28. Re2+ Kf7 29. Rxd5 f3 30. Red2 Rab8 31.
R5d3 Re8 32. Rxf3 Re1 33. Rd7+ Ke6 34. Rdd3 Rf1 35. Rd2 Bd6 36. h3 Be5 37.
Rc2 a5 38. b3 Rd8 39. Rc6+ Kd5 40. Rc4 Rg8 41. Rd3+ Ke6 42. f4 Bb8 43. Kc2
Rg2+ 44. Rd2 Rff2 45. b4 axb4 46. axb4 Rxd2+ 47. Bxd2 Kd5 48. Rc5+ Kd4 49.
Kc1 Bd6 50. Rc8 Ke4 51. b5 Rg7 52. Rc6 Kd5 53. Rc3 f5 54. Rd3+ Ke6 55. Be3
Rg3 56. b6 Rg7 57. Kc2 Rb7 58. Kc3 Rb8 59. Kc4 Rc8+ 60. Kb5 Rc2 61. b7 Rb2+
62. Kc6 Rc2+ 63. Kb5 Rb2+ 64. Kc6 Rc2+ 1/2-1/2

[Event "7th Malaysia Open"]
[Site "Kuala Lumpur MAS"]
[Date "2010.09.01"]
[Round "1"]
[White "Rian,K"]
[Black "Xu Yuhua"]
[Result "0-1"]
[WhiteElo "2096"]
[BlackElo "2475"]
[EventDate "2010.09.01"]

1. e4 e6 2. d4 d5 3. Nc3 Nf6 4. exd5 exd5 5. Bg5 Be7 6. Qf3 c6 7. Bd3 Qb6
8. Nge2 h6 9. Bxf6 Bxf6 10. O-O-O Na6 11. Rhe1 O-O 12. g4 Nb4 13. Bf5 Bxf5
14. Qxf5 Qd8 15. Ng3 g6 16. Qf3 Bg7 17. Kb1 b5 18. Qe2 Qd7 19. Qe7 Qxe7 20.
Rxe7 Bf6 21. Re2 Na6 22. Ree1 Rfe8 23. Rxe8+ Rxe8 24. Nce2 Nc7 25. c3 a5
26. Kc2 Ne6 27. f4 Nd8 28. a4 Nb7 29. Kd3 Nd6 30. Ra1 Bd8 31. b3 Bc7 32.
Rf1 f6 0-1

[Event "7th Malaysia Open"]
[Site "Kuala Lumpur MAS"]
[Date "2010.09.01"]
[Round "1"]
[White "Khamrakulov,D"]
[Black "Xu Huahua"]
[Result "1-0"]
[WhiteElo "2485"]
[BlackElo "2079"]
[EventDate "2010.09.01"]

1. e4 c6 2. d4 d5 3. Nd2 dxe4 4. Nxe4 Bf5 5. Ng3 Bg6 6. N1e2 h6 7. Nf4 Bh7
8. Bc4 Nf6 9. O-O Nbd7 10. Re1 Nb6 11. Bb3 Nbd5 12. c4 Nxf4 13. Bxf4 g5 14.
Be5 Bg7 15. Qf3 O-O 16. Nf5 Bxf5 17. Qxf5 e6 18. Qd3 Ne8 19. Rad1 Qd7 20.
Bc2 f5 21. d5 cxd5 22. cxd5 exd5 23. Qxd5+ Qxd5 24. Rxd5 Nf6 25. Rb5 Rfe8
26. Rxb7 Rac8 27. Bb3+ Kh8 28. Kf1 a5 29. Bf7 Red8 30. Be6 Rc5 31. Bxf5 Re8
32. Bxf6 Rxe1+ 33. Kxe1 Bxf6 34. Bd3 Kg8 35. a3 a4 36. Kd2 Bd4 37. Rb4 Bxf2
38. Rxa4 1-0

[Event "7th Malaysia Open"]
[Site "Kuala Lumpur MAS"]
[Date "2010.09.01"]
[Round "1"]
[White "Tan Zhongyi"]
[Black "Masruri,R"]
[Result "1-0"]
[WhiteElo "2461"]
[BlackElo "2027"]
[EventDate "2010.09.01"]

1. d4 d5 2. c4 dxc4 3. Nf3 Nf6 4. e3 e6 5. Bxc4 a6 6. O-O Be7 7. Qe2 O-O 8.
Rd1 b5 9. Bd3 Bb7 10. e4 Nbd7 11. Nc3 b4 12. e5 bxc3 13. exf6 Bxf6 14. bxc3
c5 15. Rb1 Qc7 16. Bf4 Qxf4 17. Rxb7 Rfd8 18. Bxa6 cxd4 19. cxd4 Nf8 20. g3
Qg4 21. Bd3 Ng6 22. Bxg6 Qxg6 23. Rb5 h6 24. Kg2 Ra4 25. d5 exd5 26. Rbxd5
Rda8 27. R1d2 Qb1 28. Rb5 Qa1 29. Rb7 Qc3 30. Rc2 Qa5 31. Rbc7 Qd5 32. Rc8+
Kh7 33. Rxa8 Rxa8 34. Rd2 Qf5 35. Nd4 Qd5+ 36. Qf3 Qxf3+ 37. Nxf3 Ra3 38.
Rc2 Bc3 39. Nd2 Bxd2 40. Rxd2 Kg6 41. Kf1 Kf5 42. Ke1 f6 43. Kd1 Kg4 44.
Kc1 g5 45. Kb2 Ra6 46. Kb3 f5 47. a4 f4 48. gxf4 gxf4 49. Rd3 f3 50. h3+
Kf4 51. Rd2 Ra5 52. Kb4 Re5 1-0

[Event "7th Malaysia Open"]
[Site "Kuala Lumpur MAS"]
[Date "2010.09.01"]
[Round "1"]
[White "Polovina,E"]
[Black "Roy Chowdhury,S"]
[Result "0-1"]
[WhiteElo "2038"]
[BlackElo "2457"]
[EventDate "2010.09.01"]

1. d4 e6 2. c4 b6 3. Nf3 Bb7 4. e3 f5 5. Nc3 Nf6 6. Bd3 g6 7. Qc2 Nc6 8. a3
Bg7 9. b4 O-O 10. O-O Rc8 11. Bb2 Ne7 12. Nd2 d6 13. b5 c5 14. Rfe1 cxd4
15. exd4 Nh5 16. Ne2 Nd5 17. Qb3 Ndf6 18. h3 Ne4 19. Nf3 g5 20. d5 Nc5 21.
Qb4 e5 22. Nh2 Rc7 23. Rac1 Bc8 24. Bb1 g4 25. hxg4 fxg4 26. Qc3 Rcf7 27.
Rf1 Bh6 28. Rcd1 Qh4 29. g3 Qh3 30. Bc1 Bxc1 31. Qxc1 Nf4 32. gxf4 exf4 33.
Nxf4 Rxf4 34. Qe3 Qh5 35. Rd4 Rxd4 36. Qxd4 Qg5 37. Qe3 Qxe3 38. fxe3 h5
39. Rxf8+ Kxf8 40. Kg2 Kg7 41. Kg3 Kf6 42. Kh4 Bf5 43. Bxf5 Kxf5 44. Kxh5
g3 45. Nf3 Ke4 46. Kg4 g2 47. Kg3 Kxe3 48. Kxg2 Kd3 49. Kf2 Ne4+ 50. Ke1
Kxc4 0-1

[Event "7th Malaysia Open"]
[Site "Kuala Lumpur MAS"]
[Date "2010.09.01"]
[Round "1"]
[White "Wan Yunguo"]
[Black "Nayan,A"]
[Result "1-0"]
[WhiteElo "2450"]
[BlackElo "2048"]
[EventDate "2010.09.01"]

1. e4 c5 2. Nf3 d6 3. d4 cxd4 4. Nxd4 Nf6 5. Nc3 a6 6. h3 e6 7. g4 b5 8.
Bg2 Bb7 9. O-O Be7 10. e5 Nd5 11. Nxd5 dxe5 12. Nxe7 Bxg2 13. Kxg2 Qxd4 14.
Qxd4 exd4 15. Nc8 O-O 16. Nd6 Rd8 17. Ne4 Nc6 18. c3 d3 19. Be3 g6 20. Rfd1
Ne5 21. Bg5 Rdc8 22. Bf6 Nc4 23. b3 Nb6 24. Rxd3 Nd5 25. Be5 1-0

[Event "7th Malaysia Open"]
[Site "Kuala Lumpur MAS"]
[Date "2010.09.01"]
[Round "1"]
[White "Xu Yi"]
[Black "Huang Qian"]
[Result "0-1"]
[WhiteElo "2039"]
[BlackElo "2436"]
[EventDate "2010.09.01"]

1. e4 c5 2. Nc3 a6 3. Nf3 d6 4. Be2 Nf6 5. O-O Nc6 6. d4 cxd4 7. Nxd4 e5 8.
Nf3 Be7 9. Bg5 Be6 10. Qd2 Qb6 11. Be3 Qc7 12. Ng5 O-O 13. Nxe6 fxe6 14. a4
Na5 15. Bg5 Kh8 16. Kh1 Nc4 17. Qc1 Rac8 18. Bd3 Nb6 19. f4 exf4 20. Bxf4
Nbd7 21. Qe3 Nh5 22. Ne2 Nxf4 23. Nxf4 Bg5 24. Ng6+ hxg6 25. Qxg5 Ne5 26.
Rf4 Kg8 27. Raf1 Rxf4 28. Qxf4 Qe7 29. h3 g5 30. Qg3 g4 31. hxg4 Qg5 32. b3
Qxg4 33. Qxg4 Nxg4 34. c4 a5 35. Kg1 Ne5 36. Be2 Rc6 37. Rc1 Nd7 38. Bd1
Kf7 39. Kf2 Kf6 40. Kf3 Ke5 41. Ke3 Rc8 42. Rb1 Nc5 43. Bc2 Nd7 44. Rh1 Nf6
45. Bd1 g5 46. Bf3 Rg8 47. g3 g4 48. Bd1 Rg5 49. Bc2 Rh5 50. Rxh5+ Nxh5 51.
Bd1 Nf6 52. Bc2 b6 53. Bd3 Nh5 54. Be2 Nxg3 55. Bxg4 Nxe4 56. Bxe6 Nc5 57.
Bc8 d5 58. cxd5 Kxd5 59. b4 axb4 60. Kd2 Kc4 61. Bg4 Kb3 62. Kc1 Ka2 63.
Kc2 b3+ 64. Kc3 Ne4+ 0-1

[Event "7th Malaysia Open"]
[Site "Kuala Lumpur MAS"]
[Date "2010.09.01"]
[Round "1"]
[White "Satyapragyan,S"]
[Black "Azman Hisham,M"]
[Result "0-1"]
[WhiteElo "2451"]
[BlackElo "2046"]
[EventDate "2010.09.01"]

1. g3 d5 2. c3 Nf6 3. Na3 e5 4. Nc2 Bf5 5. Ne3 Be4 6. Qa4+ c6 7. Bg2 b5 8.
Qd1 d4 9. Bxe4 dxe3 10. fxe3 Nxe4 11. d3 Nf6 12. Bd2 e4 13. d4 h5 14. Qc2
h4 15. g4 Qd5 16. h3 Nbd7 17. Rh2 Bd6 18. Rg2 a5 19. Kd1 a4 20. a3 Nb6 21.
Rf2 Nxg4 22. hxg4 h3 23. Nxh3 Rxh3 24. Rf5 Rh1+ 25. Be1 Bg3 26. Rxd5 Rxe1+
27. Kd2 Nc4+ 0-1

[Event "7th Malaysia Open"]
[Site "Kuala Lumpur MAS"]
[Date "2010.09.01"]
[Round "1"]
[White "Goh Weiming"]
[Black "Capel,E"]
[Result "1-0"]
[WhiteElo "2428"]
[BlackElo "2030"]
[EventDate "2010.09.01"]

1. e4 d5 2. exd5 Qxd5 3. Nc3 Qa5 4. Bc4 Nf6 5. d3 Bg4 6. f3 Bh5 7. Bd2 c6
8. Nd5 Qd8 9. Nxf6+ gxf6 10. Ne2 Nd7 11. Ng3 Bg6 12. f4 f5 13. Bc3 Rg8 14.
Qf3 e6 15. h4 h6 16. O-O-O Qc7 17. h5 Bh7 18. Nf1 Bd6 19. g3 Rxg3 20. Nxg3
Bxf4+ 21. Bd2 Bxg3 22. Bxh6 O-O-O 23. Rhg1 Rg8 24. d4 Nf6 25. Bd2 Rg4 26.
Qa3 Bd6 27. Qxa7 Nxh5 28. Rh1 Nf6 29. Rh6 Rg6 30. Rh3 Rg2 31. Rb3 b6 32.
Qa6+ Qb7 33. Rxb6 Qxa6 34. Bxa6+ Kd7 35. Rb7+ Ke8 36. Bd3 Ne4 37. Rh1 Bh2
38. Bxe4 fxe4 39. Rf1 Bg6 40. Rb3 f5 41. a4 Bh5 42. a5 Be2 43. Re1 Bb5 44.
Rh1 Kd7 45. Rh3 Bg1 46. Rh7+ Kd6 47. Bf4+ Kd5 48. b3 e3 49. c4+ Ke4 50.
cxb5 Kxf4 51. b6 Kf3 52. b7 e2 53. Kd2 Be3+ 54. Kd3 Bg1 55. R7h3+ Kf2 56.
b8=Q Rg4 57. Rxg1 Kxg1 58. Qh2+ Kf1 59. Rf3+ 1-0

[Event "7th Malaysia Open"]
[Site "Kuala Lumpur MAS"]
[Date "2010.09.01"]
[Round "1"]
[White "Safarian,Al"]
[Black "Nguyen Van Huy"]
[Result "0-1"]
[WhiteElo "2026"]
[BlackElo "2429"]
[EventDate "2010.09.01"]

1. d4 Nf6 2. c4 g6 3. Nc3 Bg7 4. e4 d6 5. f3 O-O 6. Be3 Nc6 7. Qd2 a6 8.
O-O-O Rb8 9. h4 e5 10. d5 Nd4 11. Nge2 c5 12. dxc6 bxc6 13. Nxd4 exd4 14.
Bxd4 Be6 15. e5 dxe5 16. Bxe5 Qa5 17. Bxb8 Rxb8 18. Qc2 Nd7 19. Bd3 Rxb2
20. Kxb2 Nc5 21. Kc1 Bxc3 22. h5 Qa3+ 23. Kb1 Be5 24. hxg6 hxg6 25. Rhe1
Qb4+ 26. Kc1 Nxd3+ 27. Rxd3 Qxe1+ 28. Qd1 Qf2 29. Qd2 Qf1+ 0-1

[Event "7th Malaysia Open"]
[Site "Kuala Lumpur MAS"]
[Date "2010.09.01"]
[Round "1"]
[White "Milligan,H"]
[Black "Zeng,C"]
[Result "0-1"]
[WhiteElo "2033"]
[BlackElo "2410"]
[EventDate "2010.09.01"]

1. e4 c5 2. Nf3 e6 3. d4 cxd4 4. Nxd4 Nf6 5. Bd3 Qb6 6. Nb3 Nc6 7. O-O Be7
8. Nc3 O-O 9. Be3 Qc7 10. f4 d6 11. Qf3 a6 12. g4 b5 13. g5 Nd7 14. Qh3 b4
15. Nd5 exd5 16. exd5 g6 17. dxc6 Ne5 18. Qh4 Nxd3 19. cxd3 Qxc6 20. Rac1
Qd5 21. Nd4 Bb7 22. Rf3 f5 23. Rc7 Rf7 24. Qe1 a5 25. Qc1 Bd8 26. Rxf7 Kxf7
27. Qc4 Qxc4 28. dxc4 Bxf3 29. Nxf3 Rc8 30. b3 a4 31. Kf2 axb3 32. axb3 Ra8
33. Ke2 Ra3 34. Nd2 Ke6 35. Kd3 Kd7 36. Bd4 Kc6 37. Bb2 Ra2 38. Kc2 Bb6 39.
Nf3 Be3 40. Kb1 Ra8 41. Nd4+ Bxd4 42. Bxd4 Re8 43. Kc2 Re4 0-1

[Event "7th Malaysia Open"]
[Site "Kuala Lumpur MAS"]
[Date "2010.09.01"]
[Round "1"]
[White "Uehara,S"]
[Black "Duong The Anh"]
[Result "0-1"]
[WhiteElo "2013"]
[BlackElo "2420"]
[EventDate "2010.09.01"]

1. e4 b6 2. Nc3 Bb7 3. Nf3 e6 4. g3 Bb4 5. d3 Ne7 6. Bg2 O-O 7. O-O f5 8.
Qe2 Nbc6 9. Nd1 fxe4 10. dxe4 a5 11. b3 Ng6 12. Bb2 Qe7 13. Ne3 Ba6 14. Nc4
Bc5 15. a4 d5 16. exd5 exd5 17. Qxe7 Ngxe7 18. Nce5 Bxf1 19. Rxf1 Rad8 20.
Ng5 Bd4 21. Nxc6 Nxc6 22. Bxd4 Nxd4 23. Rd1 c5 24. c4 dxc4 0-1

[Event "7th Malaysia Open"]
[Site "Kuala Lumpur MAS"]
[Date "2010.09.01"]
[Round "1"]
[White "Ismail,Ah"]
[Black "Wang Chen"]
[Result "0-1"]
[WhiteElo "1996"]
[BlackElo "2404"]
[EventDate "2010.09.01"]

1. d4 d5 2. Bg5 g6 3. Nd2 Bg7 4. c3 Nf6 5. Bxf6 Bxf6 6. e4 dxe4 7. Nxe4 Bg7
8. Nf3 O-O 9. Bc4 Nd7 10. O-O Nf6 11. Nxf6+ Bxf6 12. h3 Qd6 13. Re1 b6 14.
Qb3 Bb7 15. Re3 c5 16. dxc5 Qxc5 17. Rd1 e6 18. Nd4 Rad8 19. Red3 Kh8 20.
Qb5 Qc7 21. a4 a6 22. Qb4 Rc8 23. Ba2 Be7 24. Qb3 Bd5 25. Qc2 Be4 26. Qe2
Bxd3 27. Rxd3 Rcd8 28. Rf3 e5 29. Nc6 e4 30. Rxf7 Rxf7 31. Nxd8 Bxd8 32.
Bxf7 Qxf7 33. Qxa6 Qd5 34. Qc8 Kg7 35. g3 e3 36. fxe3 Bg5 37. Qc7+ Kh6 38.
h4 Qd1+ 39. Kh2 Qe2+ 40. Kh3 Qf1+ 41. Kh2 Bxe3 0-1

[Event "7th Malaysia Open"]
[Site "Kuala Lumpur MAS"]
[Date "2010.09.01"]
[Round "1"]
[White "Yu Ruiyuan"]
[Black "Guo,E"]
[Result "1-0"]
[WhiteElo "2381"]
[BlackElo "1964"]
[EventDate "2010.09.01"]

1. e4 e5 2. Nc3 Nf6 3. Nf3 Nc6 4. Bb5 Nd4 5. Nxd4 exd4 6. e5 dxc3 7. exf6
Qxf6 8. dxc3 Qe5+ 9. Qe2 Qxe2+ 10. Bxe2 d5 11. Be3 c6 12. c4 Be6 13. cxd5
Bxd5 14. O-O Be7 15. c4 Be6 16. f4 f5 17. b3 O-O 18. Bf3 Rfd8 19. Kf2 Kf7
20. Rae1 Bf6 21. Re2 Bd4 22. Rfe1 Bxe3+ 23. Rxe3 Re8 24. Rd1 Rad8 25. Red3
Rxd3 26. Rxd3 Re7 27. Rd8 Bd7 28. Ra8 a6 29. Rh8 h6 30. Bh5+ Kf6 31. Rf8+
Ke6 32. Bg6 Kd6 33. Bxf5 Bxf5 34. Rxf5 c5 35. Rd5+ Kc6 36. Re5 Rd7 37. Re6+
Kc7 38. Ke3 a5 39. g4 Kc8 40. f5 Rd4 41. Rg6 Rd7 42. f6 gxf6 43. Rxf6 Rh7
44. Kf4 1-0

[Event "7th Malaysia Open"]
[Site "Kuala Lumpur MAS"]
[Date "2010.09.01"]
[Round "1"]
[White "Suvrajit,S"]
[Black "Fong Yit San"]
[Result "1/2-1/2"]
[WhiteElo "2378"]
[BlackElo "1947"]
[EventDate "2010.09.01"]

1. Nf3 Nf6 2. c4 e6 3. Nc3 d5 4. d4 Be7 5. cxd5 exd5 6. Bg5 c6 7. e3 Bf5 8.
Bd3 Bxd3 9. Qxd3 Nbd7 10. h3 O-O 11. O-O-O Ne4 12. Bxe7 Qxe7 13. Qc2 Ndf6
14. Kb1 Nxc3+ 15. Qxc3 a5 16. Ne5 Ne4 17. Qc2 a4 18. g4 c5 19. f3 cxd4 20.
fxe4 Qxe5 21. exd4 Qxe4 22. Qxe4 dxe4 23. Rhe1 Rfe8 24. d5 Kf8 25. Rd4 e3
26. Kc2 b5 27. Kd3 Rad8 28. Rxe3 Rxe3+ 29. Kxe3 Ke7 30. Rd2 Rc8 31. d6+ Kd7
32. Rd5 a3 33. bxa3 Rc3+ 34. Ke4 Rxa3 35. Rxb5 Kxd6 36. Rb7 Ke6 37. Rb6+
Ke7 38. Rb7+ Ke6 1/2-1/2

[Event "7th Malaysia Open"]
[Site "Kuala Lumpur MAS"]
[Date "2010.09.01"]
[Round "1"]
[White "Marmono,R"]
[Black "Pham Chuong"]
[Result "0-1"]
[WhiteElo "1933"]
[BlackElo "2361"]
[EventDate "2010.09.01"]

1. d4 d5 2. Nf3 Nf6 3. g3 e6 4. Bg2 c5 5. O-O Nc6 6. c3 Bd6 7. Nbd2 b6 8.
dxc5 bxc5 9. c4 O-O 10. a3 Bb7 11. cxd5 exd5 12. Qc2 Re8 13. Nb3 Qb6 14.
Rd1 a5 15. Ng5 h6 16. Bxd5 hxg5 17. Bxf7+ Kxf7 18. Rxd6 Re5 19. Be3 Rd8 20.
Rad1 Rxd6 21. Rxd6 Ke7 22. Rd1 Rxe3 23. fxe3 c4 24. Nd4 Nxd4 25. exd4 Qe6
26. e4 Nxe4 27. Re1 Qd5 28. Qd1 Kd8 29. Rf1 Ke7 30. g4 Nf6 31. h3 Qg2+ 0-1